Lyrics Ed Sheeran - Thinking out loud - Statistics

General Stats
  • This quiz has been taken 826 times
  • The average score is 46 of 57
Answer Stats
Hint Answer % Correct
Like they used to {before}
97%
When your {legs} don't work
96%
Well me.. I fall in {love} with you
94%
I'm {thinking} out loud
93%
Kiss me under the light of a thousand {stars}
93%
Place your head on my {beating} heart
93%
And baby my {heart} could still
92%
Off of your {feet}
92%
Take me into your loving {arms}
92%
Every {single} day
91%
Maybe just the {touch} of a hand
90%
The {taste} of my love?
90%
{Loving} you 'til we're 70
89%
And I just wanna {tell} you I am
88%
And I'm thinking 'bout how {people}
88%
Fall in love in {mysterious} ways
88%
Maybe we {found} love right where we are
87%
Fall in love in mysterious {ways}
85%
Will your {eyes} still smile
85%
Will your {mouth} still remember
84%
And {darling} I will be
83%
And I can't {sweep} you
83%
That {baby} now
83%
Forever in my {mind} and memory
82%
I'm thinking 'bout {how} people
82%
Kiss me under the {light} of a thousand stars
82%
Maybe it's all part of a {plan}
82%
Take me {into} your loving arms
82%
Thinking out {loud}
82%
Could never grow {old}
80%
Fall as {hard} at 23
80%
From your {cheeks}?
80%
I know you will {still} love me the same
80%
{Place} your head on my beating heart
80%
So {honey} now
80%
And my {memory} fades
78%
{Remember} my name
78%
{Take} me into your loving arms
78%
{Kiss} me under the light of a thousand stars
77%
Oh..baby we found love right where {we} are
77%
Oh.. darling place your {head} on my beating heart
77%
When my {hands} don't play
77%
Hoping that you'll {understand}
76%
I'm thinking {out} loud
76%
But maybe we found love {right} where we are
75%
And we found love right where we {are}
74%
{Maybe} we found love right where we are
73%
It's {evergreen}
72%
The same {mistakes}
72%
So, baby, {now}
70%
Well, I'll just keep on {making}
70%
And baby your {smile's}
66%
'Cause honey your {soul}
66%
The {strings} the same way ..mmm..
65%
And the {crowds} don't
64%
oh ohh.. La la la la la {la} la la lo..ud
57%
When my {hair's} all but gone
46%
No matching quizzes found
Score Distribution
Percent of People with Each Score
Percentile by Number Answered
Your Score History
You have not taken this quiz